Statistics for Bordeaux Goalkeeper By Year

Click here to take the quiz!

General Stats

  • This quiz has been taken 76 times
    (48 since last reset)
  • The average score is 24 of 66

Answer Stats

SeasonGoalkeeper% Correct
2021-22Benoît Costil
91%
2019-20Benoît Costil
91%
2018-19Benoît Costil
91%
2017-18Benoît Costil
91%
2020-21Benoît Costil
91%
2011-12Cédric Carrasso
74%
2009-10Cédric Carrasso
74%
2010-11Cédric Carrasso
74%
2012-13Cédric Carrasso
74%
2013-14Cédric Carrasso
74%
2014-15Cédric Carrasso
74%
2015-16Cédric Carrasso
74%
2016-17Cédric Carrasso
74%
2001-02Ulrich Ramé
65%
1997-98Ulrich Ramé
65%
1998-99Ulrich Ramé
65%
1999-00Ulrich Ramé
65%
2000-01Ulrich Ramé
65%
2005-06Ulrich Ramé
65%
2002-03Ulrich Ramé
65%
2003-04Ulrich Ramé
65%
2004-05Ulrich Ramé
65%
2006-07Ulrich Ramé
65%
2007-08Ulrich Ramé
65%
2008-09Ulrich Ramé
65%
1995-96Gaëtan Huard
35%
1994-95Gaëtan Huard
35%
1993-94Gaëtan Huard
35%
1992-93Gaëtan Huard
35%
1984-85Dominique Dropsy
26%
1985-86Dominique Dropsy
26%
1986-87Dominique Dropsy
26%
1987-88Dominique Dropsy
26%
1988-89Dominique Dropsy
26%
1989-90Joseph Bell
26%
1990-91Joseph Bell
26%
1982-83Richard Ruffier
14%
1996-97Gilbert Bodart
12%
1953-54Pierre Bernard
12%
1954-55Pierre Bernard
12%
1955-56Pierre Bernard
12%
1981-82Dragan Pantelić
9%
1983-84Christian Delachet
7%
1980-81Christian Delachet
7%
1978-79Christian Delachet
7%
1979-80Christian Delachet
7%
1965-66Jean-Claude Ranouil
7%
1962-63Jean-Claude Ranouil
7%
1963-64Jean-Claude Ranouil
7%
1964-65Jean-Claude Ranouil
7%
1971-72Pierre Rigoni
7%
1970-71Pierre Rigoni
7%
1972-73Pierre Rigoni
7%
1973-74Pierre Rigoni
7%
1969-70Christian Montes
5%
1968-69Christian Montes
5%
1967-68Christian Montes
5%
1966-67Christian Montes
5%
1952-53Christian Villenave
5%
1951-52Christian Villenave
5%
1950-51Christian Villenave
5%
1959-60Jacques Cazebonne
5%
1975-76Philippe Bergerôo
5%
1976-77Philippe Bergerôo
5%
1977-78Philippe Bergerôo
5%
1974-75René Gallina
5%

Score Distribution

Percentile by Number Answered

Percent of People with Each Score

Your Score History

You have not taken this quiz since the last reset